SNL Catchphrases Pt 1 Quiz Stats

 Plays Quiz not verified by Sporcle

Score 0/10 Timer 05:00
0 Plays Today
Catchphrase Character % Correct
Hey you guys, it's official, I can't have children. (Sad trombone)Debbie Downer
87%
Approved!Target Lady
52%
That bird is a liar!Brian Fellow
51.8%
New York's hottest club is Wish.Stefon
36%
Hand me that bucket of bum sperm.MacGruber
35.6%
I just farted. Jealous?Amber
29.6%
Oh, it's the computer that's stupid, not you, right?Nick Burns
28.6%
You look like a rabbit.Two A-Holes
26%
Ooh whee, what up with that?Deandre Cole
15.5%
Oh, Dios Mio!Fericito
12.1%

You're not logged in!

Compare scores with friends on all Sporcle quizzes.
OR
Log In

Show Comments

Extras

Created Nov 9, 2010ReportNominate
Tags:catchphrase, character, snl

Top Quizzes Today


Score Distribution

Your Account Isn't Verified!

In order to create a playlist on Sporcle, you need to verify the email address you used during registration. Go to your Sporcle Settings to finish the process.

Report this User

Report this user for behavior that violates our Community Guidelines.

Details: